The power of positivity : (Record no. 154341)

MARC details
000 -LEADER
fixed length control field 00613nam a22001937a 4500
005 - DATE AND TIME OF LATEST TRANSACTION
control field 20180719103542.0
010 ## - LCCN (DPL NO)
LC control number ENG-123549
020 ## - INTERNATIONAL STANDARD BOOK NUMBER
International Standard Book Number 9789352807017
Terms of availability 425.00
035 ## - SYSTEM CONTROL NUMBER
System control number EN-107081
037 ## - SOURCE OF ACQUISITION
Source of stock number/acquisition DBAD/PUB
082 ## - DEWEY DECIMAL CLASSIFICATION NUMBER
Classification number 158
100 ## - MAIN ENTRY--PERSONAL NAME
Personal name Banerjee, Padmakali
245 ## - TITLE STATEMENT
Title The power of positivity :
Statement of responsibility, etc by Padmakali Banerjee
Remainder of title optimism and the 7th sense /
250 ## - EDITION STATEMENT
Edition statement 2nd edn.
260 ## - PUBLICATION, DISTRIBUTION, ETC. (IMPRINT)
Place of publication, distribution, etc New Delhi
Name of publisher, distributor, etc SAGE Publications,
Date of publication, distribution, etc 2018
270 ## - ADDRESS
Address B1/I-1 Mohan Cooperative Industrial Area, Mathura Road
City New Delhi
Postal code 110044
300 ## - PHYSICAL DESCRIPTION
Extent xv, 212p.
Dimensions 21cm(pbk).
942 ## - ADDED ENTRY ELEMENTS (KOHA)
Source of classification or shelving scheme Dewey Decimal Classification
Item type English Books
Classification part 158
Call number suffix BAN
Holdings
Withdrawn status Lost status Not for loan Collection code Home library Current library Date acquired Source of acquisition Cost, normal purchase price Full call number Barcode Copy number Cost, replacement price Koha item type
    Not For Loan Non-fiction D.B.Act.Division Bawana 19/07/2018 DBAD/PUB 425.00 158 BAN EN-107081 1 425.00 English Books

© Delhi Public Library
Hit Counter
free hit counter